| 000 | 00396nam a22001097a 4500 | ||
|---|---|---|---|
| 020 | _a9781138954830 | ||
| 082 |
_a327.5 _bMAK |
||
| 245 |
_aThe making of China's foreign policy in the 21st century : _bhistorical sources, institutions/players, and perceptions of power relations / _cEdited by Suisheng Zhao |
||
| 260 |
_aLondon : _bRoutledge, _c2016. |
||
| 300 |
_a320 p. ; _c25 cm. |
||
| 942 |
_2ddc _cBK |
||
| 999 |
_c591492 _d591492 |
||